000 00707nam a2200169 i 4500
001 182831
003 ES-MaACL
005 20230906221726.0
008 131108s2013 sp |||| | spa d
100 1 _aMartínez Isidoro, Ricardo.
_9153803
245 1 0 _aInsurgencia y contrainsurgencia
_b: 5ª Conferencia del Ciclo 2013 pronunciada en el aula magna del Centro Superior de Estudios de la Defensa Nacional (CESEDEN) Madrid 23 de mayo de 2013 /
_cRicardo Martínez Isidoro.
260 _aMadrid :
_bAsociación Española de Militares Escritores,
_c[2013?]
300 _a35 p. ;
_c21 cm.
650 4 _aGuerra de guerrillas.
_913184
650 4 _aGuerra asimétrica.
_9138687
852 _aES-MaACL
_j2319-F-21
999 _c182831
_d182831